Evolución del mercado de trabajo en los últimos seis años: Informe de la Secretaría de Empleo de CC.OO.
Guardado en:
| 格式: | 圖書 |
|---|---|
| 語言: | Spanish |
| 標簽: |
添加標簽
沒有標簽, 成為第一個標記此記錄!
|
MARC
| LEADER | 00000nam a22000007a 4500 | ||
|---|---|---|---|
| 003 | cru CIDCACS/IIS | ||
| 005 | 20180404131029.0 | ||
| 007 | ta | ||
| 008 | 180404s1993 sp |||p|r||||||0| ||spa|d | ||
| 999 | |c 41211 |d 41211 | ||
| 040 | |c cru CIDCACS/IIS | ||
| 245 | 1 | |a Evolución del mercado de trabajo en los últimos seis años: |b Informe de la Secretaría de Empleo de CC.OO. | |
| 300 | |a páginas 14-15: |b tablas | ||
| 942 | |2 ddc |c PP | ||
| 773 | 0 | |0 41203 |9 1927 |a Confederación Sindical de CC.OO |d España: Confederación Sindical de CC.OO |o 15049 |t Gaceta Sindical / | |
